Statistics for Answers Contain "Before"

Click here to take the quiz!

General Stats

  • This quiz has been taken 126 times
    (69 since last reset)
  • The average score is 8 of 15

Answer Stats

HintAnswer% Correct
What the year label BC stands forBefore Christ
100%
What the poem "A Visit from St. Nicholas" is commonly known asThe Night Before Christmas
64%
1984 number one hit by Wham!Wake Me Up Before You Go-Go
64%
In Star Trek they boldly go...{where} {no} {man} {has} {gone} before
61%
1993 stop-motion film about the King of Halloween TownThe Nightmare Before Christmas
51%
What the year label BCE stands forBefore the Common Era
49%
What antebellum meansBefore the war
47%
1988 animated film about dinosaursThe Land Before Time
47%
2016 film: Emilia Clarke's character falls in love with a quadriplegic{Me} Before {You}
44%
1995 film of the Before trilogyBefore {Sunrise}
42%
2004 film of the Before trilogyBefore {Sunset}
42%
Robert Frost line repeated: "Miles to go..."before I sleep
41%
What antediluvian meansBefore the flood
41%
2013 film of the Before trilogyBefore {Midnight}
34%
Stephan Pastis comic strip named after Matthew 7:6 quote{Pearls} Before {Swine}
25%

Score Distribution

Percentile by Number Answered

Percent of People with Each Score

Your Score History

You have not taken this quiz since the last reset